000 00274nam a2200121Ia 4500
005 20251222155151.0
008 251222s9999||||xx |||||||||||||| ||spa||
082 _aEST. 31.1
100 _aINEI
245 0 _aPlan Estadistico Nacional - 1985
264 _bINEI
942 _cLIB
999 _c39569
_d39569